000 00362nam a2200145Ia 4500
008 240624s9999 xx 000 0 und d
041 _aeng
082 _a658.1599 CLA
100 _aCLARK EPHRIAM
245 _aINTERNATIONAL FINANCIAL MANAGEMENT
250 _a(2nd ed.)
260 _c2007
_aNew Delhi
_bCengage Learning
300 _a686 : p.
365 _cRS
_b31
999 _c21890
_d21890